| 000 | 00628nam a2200205Ia 4500 | ||
|---|---|---|---|
| 001 | 10201 | ||
| 003 | GE_BSU | ||
| 008 | 181216s||||||||xx |||||||||||||| ||und|| | ||
| 040 | _cGE_BSU | ||
| 100 | _aსინაური,ანდრია | ||
| 245 | _aლექსები | ||
| 245 | _cრედ:რ.მარგიანი;მხატვ:დ.ქუთათელაძე. | ||
| 260 | _aთბილისი | ||
| 260 | _bსაბჭ.მწერალი. | ||
| 260 | _c1954 | ||
| 300 | _a82გვ;14სმ. | ||
| 300 | _b1ფურც.პორტრეტი | ||
| 653 | _aლექსები | ||
| 942 | _cBK | ||
| 999 |
_c43470 _d43470 |
||